Uplatnenie zákonitostí organizácie výrobného procesu v súčasných podmienkach rozvoja výroby bakalárska práca

Na minha lista:
Detalhes bibliográficos
Autor principal: Mikulaj, Adam
Autor Corporativo: Fakulta podnikového manažmentu EU. Katedra podnikovohospodárska
Outros Autores: Rakovská, Júlia, 1972-
Formato: Livro
Idioma:eslovaco
Publicado em: Bratislava 2024
Tags: Adicionar Tag
Sem tags, seja o primeiro a adicionar uma tag!

MARC

LEADER 00000nbm a2200000 4500
001 0301986
005 20250206092308.1
041 0 |a slo 
044 |a SK 
245 1 0 |a Uplatnenie zákonitostí organizácie výrobného procesu v súčasných podmienkach rozvoja výroby  |b bakalárska práca  |c Adam Mikulaj ; školiteľ: Júlia Rakovská 
264 1 |a Bratislava  |c 2024 
300 |a 54 s. 
100 1 |a Mikulaj, Adam 
700 1 |a Rakovská, Júlia, 1972- 
710 2 |a Fakulta podnikového manažmentu EU. Katedra podnikovohospodárska